000 01196nam0a2200337 4500
001 RU\NLR\bibl\296944
005 20250620144012.0
010 _a5-04-009380-2
_bВ пер.
_97000
021 _aRU
_b2002-17941
_9901
035 _a(NLR Aleph) 000292257
090 _a1711412
_c1711412
100 _a20020806d2002 |||y0rusy50 ca
101 1 _arus
_ceng
102 _aRU
105 _aa |||||||||
200 1 _aУниформа второй мировой
_eПолн. ил. энцикл.
_fПитер Дарман
_g[Пер. с англ. А. Гришина]
210 _aМ.
_cЭКСМО-пресс
_d2002
215 _a287 с.
_cцв. ил.
_d27
606 0 _aВоенное обмундирование
_jЭнциклопедии
_z1939 - 1945
_92255572
_3RU\NLR\auth\661352719
610 0 _aВоенная одежда - История, 1939-1945 гг.
675 _a355.48-514.1(031)
_v3
_zrus
686 _a68.49я2
_2rubbk
686 _aЦ4,8(0)243.6
686 _aЦ4,6(0)243.6
700 1 _aДарман
_bП.
_gПитер
_4070
801 0 _aRU
_bRKP
_c20020806
_gPSBO
801 1 _aRU
_bRKP
_c20020806
801 2 _aRU
_bNLR
_c20080326
_grcr
942 _cBOOK
980 _aNB